| 000 | 00992nac a22003011u 4500 | ||
|---|---|---|---|
| 003 | EG-ScBUE | ||
| 005 | 20220529121828.0 | ||
| 008 | 090709r19961994enkak f 000 0 eng d | ||
| 020 | _a9780521435529 | ||
| 020 | _a0521435528 | ||
| 040 |
_aEG-ScBUE _beng _erda _cEG-ScBUE _dEG-ScBUE |
||
| 082 | 0 | 4 |
_a428.24 _bDOF _222 |
| 100 | 1 |
_aDoff, Adrian, _eauthor. _97941 |
|
| 245 | 1 | 0 |
_aLanguage in use, _pIntermediate, _pClassroom book / _cAdrian Doff, Christopher Jones. |
| 250 | _aFifth printing. | ||
| 264 | 1 |
_aCambridge : _bCambridge University Press, _c1996. |
|
| 300 |
_a143 pages : _bcolor illustrations, forms ; _c30 cm |
||
| 336 |
_2rdacontent _atext _btxt |
||
| 337 |
_2rdamedia _aunmediated _bn |
||
| 338 |
_2rdacarrier _avolume _bnc |
||
| 500 | _aDistributer: Al-Ahram. | ||
| 650 | 7 |
_aEnglish language _xGrammar. _2BUEsh _95501 |
|
| 651 | _2BUEsh | ||
| 653 | _bHHUUEENN | ||
| 655 |
_vReading book _934232 |
||
| 700 | 1 |
_aJones, Christopher, _eauthor. _97942 |
|
| 942 |
_cBB _k428.24 JON _2ddc |
||
| 999 |
_c12319 _d12319 |
||